| 000 | 00793cpcaa2200253 4500 | ||
|---|---|---|---|
| 001 | mm 79005832 | ||
| 003 | DLC | ||
| 005 | 20260227111652.0 | ||
| 008 | 790117|||||||||||| eng | ||
| 010 | _amm 79005832 | ||
| 040 |
_aDLC _cDLC _edacs _dDLC |
||
| 072 | 7 |
_aL _2lcmd |
|
| 100 | 1 |
_aBlake, William, _d1757-1827. |
|
| 245 | 0 | 0 |
_aWilliam Blake letterbook, _f1804-1880. |
| 300 |
_a1 _fitem. |
||
| 506 | 0 | _aOpen to research. | |
| 520 | 8 | _aLetterbook (39 pages). | |
| 545 | 0 | _aPoet. | |
| 546 | _aCollection material in English. | ||
| 580 | _aForms part of: Miscellaneous Manuscripts collection. | ||
| 656 | 7 |
_aPoets. _2itoamc |
|
| 999 |
_c42021 _d42021 |
||